000 01489cam a22003494a 4500
001 12441424
003 OSt
005 20151103125719.0
008 010614s2003 at b 001 0 eng
010 _a 2001037646
020 _a053435615X
040 _aDLC
_cDLC
_dDLC
042 _apcc
050 0 0 _aRC455.2.E8
_bC66 2003
082 0 0 _a174/.2
_221
100 1 _aCorey, Gerald.
245 1 0 _aIssues and ethics in the helping professions /
_cGerald Corey, Marianne Schneider Corey, Patrick Callanan.
250 _a6th ed.
260 _aAustralia ;
_aPacific Grove, CA :
_bBrooks/Cole/Thomson Learning,
_cc2003.
300 _axvi, 510 p. ;
_c24 cm.
504 _aIncludes bibliographical references (p. 474-497) and indexes.
650 0 _aPsychotherapists
_xProfessional ethics.
650 0 _aCounselors
_xProfessional ethics.
700 1 _aCorey, Marianne Schneider,
_d1942-
700 1 _aCallanan, Patrick.
856 4 2 _3Contributor biographical information
_uhttp://www.loc.gov/catdir/enhancements/fy1515/2001037646-b.html
856 4 2 _3Publisher description
_uhttp://www.loc.gov/catdir/enhancements/fy1515/2001037646-d.html
856 4 1 _3Table of contents only
_uhttp://www.loc.gov/catdir/enhancements/fy1515/2001037646-t.html
906 _a7
_bcbc
_corignew
_d1
_eocip
_f20
_gy-gencatlg
942 _2lcc
_cBK
999 _c250958
_d250958